000 01055nam a22003137a 4500
001 BR2022000498
003 BR-BrBNA
005 20230928105646.0
007 ta
008 230509b bl.||||| |||| 00| 0 por d
020 _a978-85-69308-05-8
040 _aBR-BrBNA
_bpor
_cBiblioteca Nacional de Agricultura
041 _a(Por)
072 _aF01; F40; F04
_b0120
090 _ 0120 BR2022000498
100 1 _aSantos, N.C.B. dos
100 1 _aTivelli, S.W.
110 1 _aSociedade Nacional de Agricultura, Rio de Janeiro, RJ (Brasil). Centro de Inteligência em Orgânicos
_99935
110 1 _aServiço Brasileiro de Apoio às Micro e Pequenas Empresas, Rio de Janeiro, RJ (Brasil)
_99282
245 1 _aComo produzir milho orgânico
_bSérie Capacitação Técnica, v. 2 no. 2
260 3 _aRio de Janeiro, RJ (Brasil):
_c2017.
300 _a56 p.
500 _a7 ref.; 17 illus.; 3 tables
650 _aMILHO
650 _aAGRICULTURA ORGÂNICA
650 _aPRODUÇÃO ORGÂNICA
909 _a202309
_bLucia
_c55
_dLucia Elande
942 _cBK
999 _c86073
_d86073